000 00736nam a22002057a 4500
999 _c11974
_d11974
003 AR-CdUCM
008 190405b ||||| |||| 00| 0 spa d
040 _aMUNICIPALIDAD PROVINCIAL DEL CUSCO
_cBIBLIOTECA MUNICIPAL DEL CUSCO
082 _22ed.
_aEP /808.068 /
_bF65
100 _aFlores Scaramutti de Naveda, Carlota
_929616
245 _aDecires :
_bRelatos infantiles populares /
260 _aLima :
_bTalleres gráficos Marín,
_c1989.
300 _a38 paginas
_c15 cm.
500 _aAuspiciado por Concytec.
505 _aContenido :Guatavita -- Warmi Illa -- Anqasqocha -- Los duendes -- Los viajeros ...
650 _aCuentos peruanos
_97
650 _aHistorietas
_910786
942 _2ddc
_cLIBROS
945 _arum
_d2019-04-05